000 00603nam a22002177a 4500
003 UA-OsUOA
001 74146
007 ta
008 20110328b un ||||| |||| 00| 0 ukr d
100 _aМалюк М.
090 _a81
_bМ21
942 _cSA
040 _aUA-OsUOA
_bukr
_cUA-OsUOA
_dUA-OsUOA
245 _aАкадемія української мови бути чи не бути?
300 _aС.5
955 _a0
041 _aukr
080 _a81
773 0 _w74144
650 7 _a8 Мовознавство. Художня література. Літературознавство
_2UDC
999 _c360435
_d360435